01481pab a2200181 454500008004000000100002100040245008100061260000900142300001400151520090600165650002601071700002301097700001601120773003101136909001001167999001701177952010501194180718b2004 xxu||||| |||| 00| 0 eng d aKaufmann, Daniel aGovernance matters III: governance indicators for 1996, 1998, 2000, and 2002 c2004 ap.253-87. aSix dimensions of governance are estimated covering 199 countries and territories for four periods: 1996, 1998, 2000, and 2002. The indicators are based on several hundred individual variables measuring perceptions of governance drawn from 25 data sources constructed by 18 organizations. These individual measures are assigned to categories capturing key dimensions of governance. An unobserved-components model is used to construct six aggregate governance indicators in each of the four periods. Point estimates of the dimensions of governance are provided as well as the margins of errors for each country for the four periods. Methodological issues are also addressed, including tests for potential biases, and the interpretation and use of the data, given the estimated margins of errors for the indicators. The data and a Web-based graphical interface are available online at www. - Reproduced. aPublic administration aMastruzzi, Massimo aKraay, Aart aWorld Bank Economic Review a62710 c62710d62710 00104070aIIPAbIIPAd2018-07-19hVolume no: 18, Issue no: 2,pAR63160r2018-07-19w2018-07-19yAR